Microeconomía (Registro nro. 436)

Detalles MARC
000 -LEADER
fixed length control field 01473 a2200253 4500
001 - CONTROL NUMBER
control field 4491
005 - DATE AND TIME OF LATEST TRANSACTION
control field 20260407155436.0
008 - FIXED-LENGTH DATA ELEMENTS--GENERAL INFORMATION
fixed length control field 260407a2000 arg spa d
003 - CONTROL NUMBER IDENTIFIER
control field AR-UNSa-BCEJYS
040 ## - CATALOGING SOURCE
Original cataloging agency AR-UNSa-BCEJYS
Language of cataloging spa
Transcribing agency AR-UNSa-BCEJYS
080 ## - UNIVERSAL DECIMAL CLASSIFICATION NUMBER
Universal Decimal Classification number 330.101.542
Common auxiliary subdivision Microeconomía
020 ## - INTERNATIONAL STANDARD BOOK NUMBER
International Standard Book Number 978-987-9460-12-2
041 ## - LANGUAGE CODE
Language code of text/sound track or separate title spa
100 1# - MAIN ENTRY--PERSONAL NAME
Personal name Pindyck, Robert S.
245 10 - TITLE STATEMENT
Title Microeconomía
264 #1 - PRODUCTION, PUBLICATION, DISTRIBUTION, MANUFACTURE, AND COPYRIGHT NOTICE
Place of production, publication, distribution, manufacture Buenos Aires :
Name of producer, publisher, distributor, manufacturer Pearson Educación
Date of production, publication, distribution, manufacture, or copyright notice 2000
300 ## - PHYSICAL DESCRIPTION
Extent xx, 516 p.
Dimensions 25 cm.
505 ## - FORMATTED CONTENTS NOTE
Formatted contents note 1. Prolegómenos 2. Los elementos básicos de la oferta y de la demanda - 3. La conducta de los consumidores - 4. La demanda del individuo y del mercado - 5. La producción - 6. El costo de producción - 7. La maximización de los beneficios y la oferta competitiva - 8. El análisis de los mercados competitivos - 9. El poder de mercado: el monopolio y el monopsonio - 10. La fijación de los precios con poder de mercado - 11. La competencia monopolística y el oligopolio - 12. La teoría de los juegos y la estrategia competitiva - 13. Los mercados de factores - 14. El equilibrio general y la eficiencia económica - 15. Los mercados con información asimétricas - 16. Las externalidades y los bienes públicos
590 ## - LOCAL NOTE (RLIN)
Local note niveau_biblio:m niveau_hierar:0
700 1# - ADDED ENTRY--PERSONAL NAME
Personal name Rubinfeld, Daniel L.
700 1# - ADDED ENTRY--PERSONAL NAME
Personal name Beker, Víctor Alberto
856 41 - ELECTRONIC LOCATION AND ACCESS
Uniform Resource Identifier <a href="https://www.biblioeco.unsa.edu.ar/pmb/images/libros/L127365.jpg">https://www.biblioeco.unsa.edu.ar/pmb/images/libros/L127365.jpg</a>
Link text Imagen de portada
Electronic format type image/jpeg
942 ## - ADDED ENTRY ELEMENTS (KOHA)
Koha item type
Existencias
Withdrawn status Lost status Damaged status Not for loan Home library Current library Shelving location Date acquired Total checkouts Full call number Barcode Date last seen Price effective from Koha item type Public note
        Biblioteca Prof. Eusebio Cleto del Rey Biblioteca Prof. Eusebio Cleto del Rey   07/04/2026   330.101.542 P648m L87859 07/04/2026 07/04/2026 Libro LÁPIZ - MANCHADO - CANTO MANCHADO
        Biblioteca Prof. Eusebio Cleto del Rey Biblioteca Prof. Eusebio Cleto del Rey   07/04/2026   330.101.542 P648m L87858 07/04/2026 07/04/2026 Libro MANCHADO (PÁG 15, 23 A 37) - LÁPIZ - HÚMEDO EN PRIMERAS PÁGINAS
        Biblioteca Prof. Eusebio Cleto del Rey Biblioteca Prof. Eusebio Cleto del Rey   07/04/2026   330.101.542 P648m L87857 07/04/2026 07/04/2026 Libro LÁPIZ - HÚMEDO EN CANTO LATERAL Y ÚLTIMA PÁG HÚMEDA EN ESQUINA SUPERIOR - MANCHA EN PÁG 7 Y 8 - LAPICERA PÁG 123
        Biblioteca Prof. Eusebio Cleto del Rey Biblioteca Prof. Eusebio Cleto del Rey   07/04/2026   330.101.542 P648m L127365 07/04/2026 07/04/2026 Libro SUBRAYADO CON LÁPIZ